Entry Personal Name
Number of records used in: 1
001 - CONTROL NUMBER
003 - CONTROL NUMBER IDENTIFIER
005 - DATE AND TIME OF LATEST TRANSACTION
- control field:
20200128153139.0
008 - FIXED-LENGTH DATA ELEMENTS
- fixed length control field:
840419n| azannaabn |n aaa
010 ## - LIBRARY OF CONGRESS CONTROL NUMBER
- LC control number:
n 84018689
035 ## - SYSTEM CONTROL NUMBER
- System control number:
(OCoLC)oca01104412
040 ## - CATALOGING SOURCE
- Original cataloging agency:
DLC
- Language of cataloging:
eng
- Description conventions:
rda
- Transcribing agency:
DLC
- Modifying agency:
DLC
- Modifying agency:
OCoLC
- Modifying agency:
DLC
100 1# - HEADING--PERSONAL NAME
- Personal name:
Fletcher, Clive
670 ## - SOURCE DATA FOUND
- Source citation:
Shackleton, V.J. Individual differences, theories and applications, 1984:
- Information found:
CIP t.p. (Clive Fletcher)
670 ## - SOURCE DATA FOUND
- Source citation:
LC data base, 4/17/84
- Information found:
(hdg.: Fletcher, Clive)
670 ## - SOURCE DATA FOUND
- Source citation:
Psychological testing, 1997:
- Information found:
t.p. (Clive Fletcher) half t.p. verso (chartered occupational psychologist; prof., Goldsmith's College, U. of London; consultant)
670 ## - SOURCE DATA FOUND
- Source citation:
Appraisal, 2016:
- Information found:
eCIP t.p. (Clive Fletcher) data view screen (Professor Emeritus in Occupational Psychology at Goldsmiths' University of London, UK)